|
|
|
|
| LEADER |
00000nam a22000007a 4500 |
| 008 |
190507b1996 cr ||||| |||| 00| | spa d |
| 999 |
|
|
|c 3725
|d 3725
|
| 090 |
|
|
|a DOC #87
|
| 100 |
|
|
|9 4567
|a Alarcón Alba, Francisco
|
| 245 |
1 |
0 |
|a Acreditación de la calidad: Base para flexibilizar el reconocimiento de títulos y liberalizar el ejercicio de profesiones universitarias en Centroamérica /
|c CSUCA
|
| 260 |
|
|
|a San José, Costa Rica :
|b CSUCA,
|c impresión de 1996
|
| 300 |
|
|
|a 21 páginas
|
| 650 |
|
0 |
|9 11
|a CALIDAD DE LA EDUCACIÓN
|
| 650 |
|
0 |
|9 1135
|a ACREDITACIÓN (EDUCACIÓN)
|
| 942 |
|
|
|i 003502
|h DOC #87
|2 z
|c 05
|